LEADER 01337nam a2200289 i 4500 001 000000129757 003 CaOOAMICUS 005 20041008000000.0 008 041008s2004 it u000 u ita u 013 $a102490 020 $a88-311-6073-7 040 $aSeMil$bita 100 1 $aPérennès, Jean-Jacques,$c.$0(OLS)http://semarc/name/53754 240 10$aPierre Claverie : un Algérien par alliance.$0(OLS)http://semarc/title/191363 245 10$aVescovo tra i musulmani :$bPierre Claverie martire in Algeria /$cJean-Jacques Pérennès. 260 $aRoma :$bCittà Nuova,$ccopyr. 2004. 300 $a396 p. , [8] c. di tav. ;$c20 cm. 500 $aContiene : Appendice. 600 14$aClaverie, Pierre Lucien .$0(OLS)http://semarc/subject/25641 700 1 $aGuerrini, Maria Claudia.$0(OLS)http://semarc/name/53755 700 1 $aSorgia, Raimondo .$0(OLS)http://semarc/name/90199 850 $aSeMil 852 $aSeMil$W1$xVenegono$y1$m3J I 60$j83864$B83864$CSeMilBibl$Z2$F87530 $81 961 $aSottoscrizione: Città Nuova (Agente) 996 $6020$a88-311-6073-7$9(OLS)http://semarc/number/116571 996 $6245$aVescovo tra i musulmani :$bPierre Claverie martire in Algeria$9(OLS)http://semarc/title/191362 996 $6260$aRoma :$bCittà Nuova$9(OLS)http://semarc/publisher/29609 LEADER 00977nam a2200229 i 4500 001 000000074978 003 CaOOAMICUS 005 20240405153631.0 008 070611s1925 it u000 u ita u 013 $a46150 040 $aSeMil$bita 100 1 $aBerrini, Nino.$0(OLS)http://semarc/name/37072 245 10$aRambaldo di Vaqueiras :$b1. Monferrato : poema drammatico cavalleresco in quattro atti /$cNino Berrini. 260 $aMilano :$bMondadori,$cstampa 1925. 300 $a220 p. :$bill. ;$c20 cm. 490 0 $aTeatro completo di N. Berrini ;$v4 830 0$aTeatro completo di N. Berrini ;$v4.$0(OLS)http://semarc/title/23760 850 $aSeMil 852 $aSeMil$W1$xVenegono$y1$m1D V 14$j41130$B41130$CSeMilBibl$Z2$F41134 $81 996 $6245$aRambaldo di Vaqueiras :$b1. Monferrato : poema drammatico cavalleresco in quattro atti$9(OLS)http://semarc/title/121649 996 $6260$aMilano :$bMondadori$9(OLS)http://semarc/publisher/30335